Normal view
MARC view
- ARMY SCHOOLS OF LOGISTICS ASL
Entry Personal Name
001 - CONTROL NUMBER
- control field: 61016
003 - CONTROL NUMBER IDENTIFIER
- control field: NUST
005 - DATE AND TIME OF LATEST TRANSACTION
- control field: 20210628202654.0
008 - FIXED-LENGTH DATA ELEMENTS
- fixed length control field: 210628|| aca||aabn | a|a d
040 ## - CATALOGING SOURCE
- Original cataloging agency: NUST
- Transcribing agency: NUST
100 ## - HEADING--PERSONAL NAME
- Personal name: ARMY SCHOOLS OF LOGISTICS ASL
670 ## - SOURCE DATA FOUND
- Source citation: Work cat.: (NUST): ARMY SCHOOLS OF LOGISTICS ASL, ADM HANDBOOK, VOL-1, ADM PRECIS. VOL-1, 2003
